Import pricing under volatility and misalignments of exchange rates.

Existencia dvoch rozličných pohybov výmenných kurzov v súčasnom systéme pohyblivých výmenných kurzov a ich dôsledky pre relatívne ceny obchodu tovarom a následne pre obchodnú bilanciu - analýza tohto dopadu na dovozné ceny. Náhodilé denné alebo týždenné zmeny výmenných kurzov a dlhodobé zmeny výmenn...

Ausführliche Beschreibung

Gespeichert in:
Bibliographische Detailangaben
1. Verfasser: Ogawa, E.
Format: Buchkapitel
Sprache:Englisch
Schlagworte:
Tags: Tag hinzufügen
Keine Tags, Fügen Sie das erste Tag hinzu!

MARC

LEADER 00000naa a2200000 4500
001 r010503
005 20221130103232.7
041 0 |a eng 
044 |a JP 
245 1 0 |a Import pricing under volatility and misalignments of exchange rates.  |c E. Ogawa 
520 |a Existencia dvoch rozličných pohybov výmenných kurzov v súčasnom systéme pohyblivých výmenných kurzov a ich dôsledky pre relatívne ceny obchodu tovarom a následne pre obchodnú bilanciu - analýza tohto dopadu na dovozné ceny. Náhodilé denné alebo týždenné zmeny výmenných kurzov a dlhodobé zmeny výmenných kurzov. Dopad nevyrovnanosti výmenných kurzov na správanie sa podnikov. 
610 2 0 |a kurz výmenný 
610 2 0 |a ceny 
610 2 0 |a ceny dovozné 
610 2 0 |a bilancia obchodná 
610 2 0 |a ceny maloobchodné 
610 2 0 |a trh 
100 1 |a Ogawa, E.